000 00883nas a2200289 4500
001 BR0201948
003 BR-BrBNA
005 20231205102859.0
007 ta
008 230509b bl.|||p| |||| 00| 00por d
040 _aBR-BrBNA
_bpor
_cBiblioteca Nacional de Agricultura
041 _a(Pt)
072 _aK50
100 1 _aLima Júnior, H.C.
100 1 _aDias, A.A.
245 1 _aVigas mistas de madeira de reflorestamento e bambu laminado colado: análise teórica e experimental
650 _aPINHEIRO
650 _aBAMBU
650 _aMADEIRA
650 _aMADEIRA SERRADA
650 _aLAMINADO
650 _aREFLORESTAMENTO
650 _aPARANÁ
773 0 _tRevista Brasileira de Engenharia Agrícola e Ambiental (Brazil)
_xISSN 1415-4366
_g(Sep-Dec 2001), v. 5(3) p. 519-524
_wBR0201948
909 _a202311
_bLúcia
_c55
_dLúcia Elande
942 _2AGRIS
_n0
_cANA
999 _c169858
_d169858